Southville International School and Colleges
Your cart is empty.
  • Cart
  • Lists
    Public lists Eva Luna New books Lux_list list_1
    Your lists Log in to create your own lists
  • Log in to your account
  • Your cookies
  • Search history
Southville International School and Colleges
  • Advanced search
  • Recent comments
  • Most popular
  • Libraries

Log in to your account

Log in with GOOGLE


If you do not have an external account, but do have a local account, you can still log in:

  1. Home
  2. MARC view: Research methods for the behavioral sciences /
Normal view MARC view ISBD view

Research methods for the behavioral sciences / (Record no. 24612)

[ view plain ]
MARC details
000 -LEADER
fixed length control field 00663nam a2200217 a 4500
003 - CONTROL NUMBER IDENTIFIER
control field PILC
005 - DATE AND TIME OF LATEST TRANSACTION
control field 20160222132902.0
008 - FIXED-LENGTH DATA ELEMENTS--GENERAL INFORMATION
fixed length control field 110822s19uu xx 00 eng d
020 ## - INTERNATIONAL STANDARD BOOK NUMBER
International Standard Book Number 9780495509837
050 ## - LIBRARY OF CONGRESS CALL NUMBER
Classification number BF 76.5
Item number .G73 2009
100 ## - MAIN ENTRY--PERSONAL NAME
Personal name Gravetter, Frederick J.
245 ## - TITLE STATEMENT
Title Research methods for the behavioral sciences /
Statement of responsibility, etc Frederick Gravetter; Lori-Ann Forzano.
250 ## - EDITION STATEMENT
Edition statement 3rd edition.
260 ## - PUBLICATION, DISTRIBUTION, ETC. (IMPRINT)
Place of publication, distribution, etc Australia :
Name of publisher, distributor, etc Wadsworth,
Date of publication, distribution, etc 2009.
300 ## - PHYSICAL DESCRIPTION
Extent 614 pages :
Dimensions 24 cm.
Other physical details illustrations ;
650 ## - SUBJECT ADDED ENTRY--TOPICAL TERM
Topical term or geographic name as entry element Psychology
General subdivision Research
-- Methodology.
650 ## - SUBJECT ADDED ENTRY--TOPICAL TERM
Topical term or geographic name as entry element Social sciences.
700 ## - ADDED ENTRY--PERSONAL NAME
Personal name Forzano, Lori-Ann.
942 ## - ADDED ENTRY ELEMENTS (KOHA)
Koha item type Books
Source of classification or shelving scheme Library of Congress Classification
Call number prefix Foreign
Holdings
Withdrawn status Lost status Source of classification or shelving scheme Damaged status Home library Current library Shelving location Date acquired Source of acquisition Total Checkouts Total Renewals Full call number Barcode Date last seen Date checked out Copy number Price effective from Koha item type
    Library of Congress Classification   College Library College Library General Circulation Section 08/22/2011 Library Fund 2 4 BF 76.5 .G73 2009 C12849 09/19/2018 09/17/2018 1 03/10/2014 Books

Research methods for the behavioral sciences /

APA

Gravetter F. J., Forzano L., . (2009). Research methods for the behavioral sciences. Australia: Wadsworth.

Chicago

Gravetter Frederick J, Forzano Lori-Ann, . 2009. Research methods for the behavioral sciences. Australia: Wadsworth.

Harvard

Gravetter F. J., Forzano L., . (2009). Research methods for the behavioral sciences. Australia: Wadsworth.

MLA

Gravetter Frederick J, Forzano Lori-Ann, . Research methods for the behavioral sciences. Australia: Wadsworth. 2009.

  • Place hold
  • Print
  • Cite
  • Add to your cart (remove)
  • Save record
    BIBTEX Dublin Core MARCXML MARC (non-Unicode/MARC-8) MARC (Unicode/UTF-8) MARC (Unicode/UTF-8, Standard) MODS (XML) RIS
  • More searches
    Search for this title in:
    Other Libraries (WorldCat) Other Databases (Google Scholar) Online Stores (Bookfinder.com) Open Library (openlibrary.org)

Exporting to Dublin Core...

SOUTHVILLE LIBRARY

Southville International School and Colleges Library

1281 Tropical Ave. Cor. Luxembourg St., BF Homes International, Las Pinas City

Tel. No. 8256374 / 252358 Loc. 117/146

Powered by Koha